Diccionario recopilador de los puntos de derecho (Record no. 164268)
[ view plain ]
| 000 -LEADER | |
|---|---|
| campo de control de longitud fija | 01399nam a2200217 i 4500 |
| 001 - NÚMERO DE CONTROL | |
| campo de control | 164268 |
| 003 - IDENTIFICADOR DE NÚMERO DE CONTROL | |
| campo de control | ES-MaACL |
| 005 - FECHA Y HORA DE LA ÚLTIMA TRANSACCIÓN | |
| campo de control | 20250811074512.0 |
| 008 - DATOS DE LONGITUD FIJA--INFORMACIÓN GENERAL | |
| campo de control de longitud fija | 990924m18841889sp l |||| | spa d |
| 100 1# - ENTRADA PRINCIPAL--NOMBRE DE PERSONA | |
| Nombre de persona | Saenz Hérmua y Espinosa, Pedro. |
| 9 (RLIN) | 132270 |
| 245 10 - MENCIÓN DEL TÍTULO | |
| Título | Diccionario recopilador de los puntos de derecho |
| Resto del título | : resueltos en sentencias del Tribunal Supremo de Justicia / |
| Mención de responsabilidad, etc. | por Pedro Saenz Hérmua y Espinosa. |
| 260 ## - PUBLICACIÓN, DISTRIBUCIÓN, ETC. | |
| Lugar de publicación, distribución, etc. | Madrid : |
| Nombre del editor, distribuidor, etc. | [s.n.], |
| Fecha de publicación, distribución, etc. | 1884-1889 ( |
| Fabricante | Tip. de Manuel G. Hernández) |
| 300 ## - DESCRIPCIÓN FÍSICA | |
| Extensión | 4 v. ; |
| Dimensiones | 21 cm. |
| 505 8# - NOTA DE CONTENIDO CON FORMATO | |
| Nota de contenido con formato | I. Desde 1838 hasta fin de diciembre de 1881. Derecho civil y mercantil, legislaciones especiales y fueros, 1884 (603 p.) - II. Desde 1838 hasta fin de diciembre de 1883. Enjuiciamiento civil: precedido de un informe de la Real Academia de Jurisprudencia y Legislación, 1886 (706, [10] p.) - III. Desde 1838 hasta fin de diciembre de 1883. Materia criminal, 1886 (615 p.) - 4. Desde 26 de enero de 1869 a 28 de enero de 1875, con un índice de la legislación controvertida en materia civil y criminal y en los recursos contra la Administración, 1887 (574 p.) |
| 596 ## - NOTA AL PIE DE IMPRENTA | |
| NOTA AL PIE DE IMPRENTA | 2 v. son de adiciones. |
| 596 ## - NOTA AL PIE DE IMPRENTA | |
| NOTA AL PIE DE IMPRENTA | No se publicó más de esta obra. |
| 650 00 - PUNTO DE ACCESO ADICIONAL DE MATERIA--TÉRMINO DE MATERIA | |
| Término de materia o nombre geográfico como elemento de entrada | Derecho- |
| Subdivisión geográfica | España- |
| Subdivisión de forma | Diccionarios. |
| 9 (RLIN) | 11612 |
| 710 1# - ENTRADA AGREGADA--NOMBRE DE ENTIDAD CORPORATIVA | |
| Nombre de entidad corporativa o nombre de jurisdicción como elemento de entrada | España. |
| Unidad subordinada | Tribunal Supremo |
| 9 (RLIN) | 4004 |
| 852 ## - LOCALIZACIÓN | |
| Ubicación | ES-MaACL |
| Número de control de estantería | C-2990-93 |
| Nota libre | - Enc. hol. |
| -- | - Sólo v. I-IV |
| Estatus retirado | Estado de pérdida | Estado de daño | No para préstamo | Colección | Biblioteca de origen | Biblioteca actual | Ubicación en estantería | Fecha de adquisición | Total de préstamos | Signatura topográfica completa | Código de barras | Visto por última vez | Precio de reemplazo | Tipo de ítem Koha |
|---|---|---|---|---|---|---|---|---|---|---|---|---|---|---|
| Colección de referencia | Biblioteca del Ateneo de Madrid | Biblioteca del Ateneo de Madrid | Sala Palomar | 17/01/2008 | C-2990-93 | 1172179 | 23/02/2023 | 23/02/2023 | Libro impreso antiguo |
